La Littérature en 10 questions #2 - Statistiques

Statistiques générales
  • Ce quiz a été pris 134 fois
  • Le résultat moyen est 8 sur 10
Statistiques - réponses
Hint Réponse % Correct
Quel roman de Victor Hugo raconte l’histoire de Jean Valjean et Cosette ? Les Misérables
99%
Qui est l’auteur de "Le Petit Prince" ? Antoine de St Exupery
97%
Quel écrivain du XVIIIe siècle a écrit "Candide", un conte philosophique contre l’optimisme ? Voltaire
92%
Quel livre est considéré comme l’une des plus grandes œuvres de d'Alexandre Dumas ? Les trois mousquetaires
88%
Quel roman de Gustave Flaubert raconte la vie d'Emma Bovary, une femme insatisfaite ? Madame Bovary
83%
Quel écrivain est l’auteur de "La Peste" ? Albert Camus
77%
Dans quel roman de Marcel Proust retrouve-t-on l'évocation du "temps perdu" et de la mémoire ? A la recherche du temps perdu
72%
Qui est l’auteur de la série de romans "Les Rougon-Macquart", un panorama de la société française sous le Second Empire ? Zola
67%
Qui est l’auteur de la trilogie "La Comédie Humaine" ? Honoré de Balzac
59%
Quel poème de Charles Baudelaire contient les célèbres vers "Tu m’as donné ta boue, et j’en ai fait de l’or" ? Les Fleurs du Mal
28%
Aucun quiz correspondant
Distribution des résultats
% des personnes avec chaque résultat
Percentile par nombre de réponses
Votre historique - résultats
Vous n’avez pas pris ce quiz